[Event "37Chess Olympiad 2006 general"]
[Site "Turin, Italia"]
[Date "2006.05.25"]
[Round "5"]
[Board "4"]
[White "Saric, Ibro"]
[Black "Hasan, Mehdi (Parag)"]
[Result "1-0"]
[WhiteElo "2476"]
[BlackElo "2343"]
[PlyCount "73"]
[EventDate "2006.05.21"]
[EventType "team"]
[EventRounds "13"]
[EventCountry "AUT"]
[WhiteTeam "Bosnia Herzegovina"]
[BlackTeam "Bangladesh"]

1.e4 c5 2.Nc3 a6 3.Nf3 d6 4.d4 cxd4 5.Nxd4 Nf6 6.Be2 e5 7.Nb3 Be7 8.O-O O-O
9.Re1 Be6 10.Bf1 b5 11.a4 b4 12.Nd5 Bxd5 13.exd5 a5 14.c3 bxc3 15.bxc3 Qc8 16.c4
Nfd7 17.Ba3 Qc7 18.Rb1 Nc5 19.Nxc5 dxc5 20.Qh5 Bd6 21.Rb3 g6 22.Qh6 Na6 23.f4 f6
24.f5 g5 25.h4 gxh4 26.Re4 Rf7 27.Rxh4 Nb4 28.Be2 Qe7 29.Bh5 Rg7 30.Bg6 e4
31.Bb2 Be5 32.Bxe5 Qxe5 33.Bxh7+ Kf8 34.Rg4 Qd4+ 35.Kh2 Raa7 36.Rbg3 Qe5 37.Rxg7

[Event "37Chess Olympiad 2006 general"]
[Site "Turin, Italia"]
[Date "2006.05.25"]
[Round "5"]
[Board "4"]
[White "Iz Aldeen, Khaled"]
[Black "Samolins, Vitalijs"]
[Result "0-1"]
[WhiteElo "1979"]
[BlackElo "2256"]
[PlyCount "76"]
[EventDate "2006.05.21"]
[EventType "team"]
[EventRounds "13"]
[EventCountry "AUT"]
[WhiteTeam "Palestine"]
[BlackTeam "Latvia"]

1.e4 Nc6 2.Nf3 e5 3.Bb5 g6 4.O-O Bg7 5.c3 d6 6.d4 Bd7 7.d5 Nce7 8.Qb3 c6 9.Bc4
cxd5 10.Bxd5 Nxd5 11.exd5 b6 12.Nbd2 Qc7 13.Ne4 f5 14.Neg5 Ne7 15.Re1 h6 16.Ne6
Bxe6 17.dxe6 O-O 18.Nh4 Rac8 19.f4 Bf6 20.Nf3 e4 21.Nd4 Bxd4+ 22.cxd4 Qc4
23.Qxc4 Rxc4 24.Be3 Nd5 25.Kf2 Rfc8 26.Re2 Rc2 27.Rae1 Kf8 28.a3 Ke7 29.Rxc2
Rxc2+ 30.Re2 Rxe2+ 31.Kxe2 Nxe3 32.Kxe3 Kxe6 33.h3 Kd5 34.b3 b5 35.g4 a5 36.a4
bxa4 37.bxa4 Kc4 38.h4 h5

[Event "37Chess Olympiad 2006 general"]
[Site "Turin, Italia"]
[Date "2006.05.25"]
[Round "5"]
[Board "4"]
[White "Kreisl, Robert"]
[Black "Pulito, Alberto"]
[Result "1/2-1/2"]
[WhiteElo "2288"]
[BlackElo "2222"]
[PlyCount "62"]
[EventDate "2006.05.21"]
[EventType "team"]
[EventRounds "13"]
[EventCountry "AUT"]
[WhiteTeam "Austria"]
[BlackTeam "Italy C"]

1.e4 e6 2.d4 d5 3.Nc3 Bb4 4.Nge2 dxe4 5.a3 Be7 6.Nxe4 Nf6 7.N2g3 Nbd7 8.Bd3 b6
9.Qf3 Rb8 10.O-O O-O 11.Rd1 Bb7 12.Qe2 Nxe4 13.Nxe4 Nf6 14.c3 Nxe4 15.Bxe4 Bxe4
16.Qxe4 Qd5 17.Qxd5 exd5 18.Bf4 Rbc8 19.Re1 Rfe8 20.Re5 Rcd8 21.Rae1 Kf8 22.g4
Bd6 23.Rxe8+ Rxe8 24.Bxd6+ cxd6 25.Rxe8+ Kxe8 26.f4 Ke7 27.Kf2 f5 28.g5 g6
29.Ke3 Kd7 30.Kd3 Kc6 31.b3 b5

[Event "37Chess Olympiad 2006 general"]
[Site "Turin, Italia"]
[Date "2006.05.27"]
[Round "6"]
[Board "2"]
[White "Dutreeuw, Marc"]
[Black "Predojevic, Borki"]
[Result "0-1"]
[WhiteElo "2389"]
[BlackElo "2566"]
[PlyCount "86"]
[EventDate "2006.05.21"]
[EventType "team"]
[EventRounds "13"]
[EventCountry "AUT"]
[WhiteTeam "Belgium"]
[BlackTeam "Bosnia Herzegovina"]

1.e4 c5 2.Nf3 d6 3.Bb5+ Nd7 4.d4 Ngf6 5.Nc3 a6 6.Bxd7+ Nxd7 7.O-O e6 8.d5 Be7
9.dxe6 fxe6 10.Ng5 Nf6 11.f4 O-O 12.f5 exf5 13.exf5 d5 14.Qe2 d4 15.Ne6 Bxe6
16.Qxe6+ Kh8 17.Ne4 Nxe4 18.Qxe4 Qd7 19.Bd2 Rae8 20.Qd3 Qc6 21.c4 dxc3 22.Bxc3
c4 23.Qc2 b5 24.a3 Bf6 25.Bxf6 Qxf6 26.Rae1 h6 27.Rxe8 Rxe8 28.h3 Re3 29.Qd2 Rd3
30.Qe2 Rd5 31.Qc2 Rd3 32.Qe2 Kh7 33.Kh1 Rb3 34.Rf2 c3 35.bxc3 Rxa3 36.c4 b4
37.c5 a5 38.Qe4 b3 39.c6 Ra1+ 40.Kh2 Rc1 41.Rf3 a4 42.c7 b2 43.Qb7 Rxc7

[Event "37Chess Olympiad 2006 general"]
[Site "Turin, Italia"]
[Date "2006.05.27"]
[Round "6"]
[Board "2"]
[White "Brunello, Sabino"]
[Black "Poulsen, Martin"]
[Result "1-0"]
[WhiteElo "2339"]
[BlackElo "2325"]
[PlyCount "95"]
[EventDate "2006.05.21"]
[EventType "team"]
[EventRounds "13"]
[EventCountry "AUT"]
[WhiteTeam "Italy B"]
[BlackTeam "Faroe Islands"]

1.e4 e6 2.d4 d5 3.e5 c5 4.c3 Nc6 5.Nf3 Bd7 6.a3 f6 7.Bd3 Qc7 8.O-O c4 9.Bc2
O-O-O 10.Re1 h6 11.Nbd2 g5 12.exf6 Bd6 13.Qe2 Nxf6 14.Ne5 Bxe5 15.dxe5 Ng8 16.b3
cxb3 17.Nxb3 Na5 18.Nxa5 Qxa5 19.Bd2 Qc7 20.c4 Qxc4 21.Bd3 Qc7 22.Bb4 Bc6 23.Bd6
Qa5 24.Qh5 Nf6 25.Qf7 Ne4 26.Qxe6+ Rd7 27.Bxe4 dxe4 28.Rec1 Qa6 29.Rab1 e3
30.fxe3 Rhd8 31.h3 Qa4 32.Rb4 Qa6 33.Kh2 h5 34.Rc3 h4 35.e4 g4 36.Qxg4 Re8
37.Qg6 Kd8 38.Qg5+ Kc8 39.Qg4 Kd8 40.Qxh4+ Kc8 41.Qg4 Kd8 42.Qg5+ Kc8 43.Qf5 Kd8
44.Rd4 Qa5 45.Rxc6 bxc6 46.Rb4 Rxd6 47.Rb8+ Kc7 48.exd6+

[Event "37Chess Olympiad 2006 general"]
[Site "Turin, Italia"]
[Date "2006.05.27"]
[Round "6"]
[Board "1"]
[White "Simmons, Matthew Edwin"]
[Black "Fancy, Stuart"]
[Result "1/2-1/2"]
[WhiteElo "2060"]
[BlackElo "2167"]
[PlyCount "43"]
[EventDate "2006.05.21"]
[EventType "team"]
[EventRounds "13"]
[EventCountry "AUT"]
[WhiteTeam "Jersey"]
[BlackTeam "Papua New Guinea"]

1.e4 e5 2.Nc3 Bb4 3.Bc4 Nf6 4.d3 h6 5.Nge2 c6 6.O-O d5 7.Bb3 O-O 8.Bd2 Bg4 9.Qe1
Bc5 10.Ng3 Re8 11.Kh1 Na6 12.Nd1 Be6 13.Ne3 Nc7 14.f3 Nb5 15.a4 Nd4 16.Ba2 dxe4
17.Bxe6 Nxe6 18.fxe4 Bxe3 19.Bxe3 Ng4 20.Nf5 Nxe3 21.Qxe3 Qg5 22.Qf2

[Event "37Chess Olympiad 2006 general"]
[Site "Turin, Italia"]
[Date "2006.05.28"]
[Round "7"]
[Board "4"]
[White "Thorhallsson, Throstur"]
[Black "Dimakiling, Oliver"]
[Result "0-1"]
[WhiteElo "2448"]
[BlackElo "2452"]
[PlyCount "94"]
[EventDate "2006.05.21"]
[EventType "team"]
[EventRounds "13"]
[EventCountry "AUT"]
[WhiteTeam "Iceland"]
[BlackTeam "Philippines"]

1.Nf3 d5 2.d4 c5 3.dxc5 e6 4.e4 Bxc5 5.exd5 exd5 6.Bb5+ Nc6 7.O-O Nge7 8.c3 O-O
9.Nbd2 Bg4 10.Nb3 Bb6 11.h3 Bh5 12.Bf4 Ng6 13.Bg3 f5 14.Be2 f4 15.Bh2 Kh8
16.Nfd2 Bxe2 17.Qxe2 Nce5 18.Nf3 Nxf3+ 19.Qxf3 Qg5 20.Nd4 Bxd4 21.cxd4 h5 22.g3
fxg3 23.Qxg3 Nf4 24.Kh1 Qxg3 25.Bxg3 Nxh3 26.f4 g5 27.fxg5 Nxg5 28.Bd6 Rf7
29.Rae1 Rc8 30.Rxf7 Nxf7 31.Bf4 Rc4 32.Re7 Kg8 33.Be3 Rb4 34.b3 Kg7 35.Kg2 Kf6
36.Rc7 Ke6 37.Kf3 Nd6 38.Rh7 Nf5 39.Kf4 h4 40.Rh5 Nxd4 41.Rh6+ Kd7 42.Rh7+ Kd6
43.Rh6+ Ne6+ 44.Kf5 Re4 45.Bc1 a5 46.Bd2 b6 47.Bg5 Re5+

[Event "37Chess Olympiad 2006 general"]
[Site "Turin, Italia"]
[Date "2006.05.28"]
[Round "7"]
[Board "1"]
[White "Dutreeuw, Marc"]
[Black "Al  Harazi, Khaled Saleh Yahya"]
[Result "1-0"]
[WhiteElo "2389"]
[BlackElo "2213"]
[PlyCount "229"]
[EventDate "2006.05.21"]
[EventType "team"]
[EventRounds "13"]
[EventCountry "AUT"]
[WhiteTeam "Belgium"]
[BlackTeam "Yemen"]

1.e4 e5 2.Nf3 Nc6 3.c3 d5 4.Qa4 f6 5.d3 Be6 6.Be2 Bd6 7.exd5 Bxd5 8.Nbd2 Nge7
9.Ne4 O-O 10.O-O Qe8 11.Bd1 Nd8 12.Qxe8 Rxe8 13.c4 Bxe4 14.dxe4 Bc5 15.Ba4 Ndc6
16.a3 a5 17.Bd2 Red8 18.Rfd1 Nd4 19.Nxd4 Bxd4 20.Rab1 c5 21.Kf1 Kf7 22.Be1 Nc8
23.Bc2 Nd6 24.b3 Ke7 25.Bd3 Rdb8 26.Ke2 Nf7 27.Bd2 Nd8 28.h4 Ne6 29.g3 b6 30.Bc2
Ra7 31.Be1 Rd8 32.Rd3 h6 33.h5 Rd6 34.Rdd1 Rd8 35.Kf3 Rad7 36.Kg4 Rg8 37.Kf5 Kf7
38.Kg4 Ke7 39.Bd3 Rgd8 40.Bf1 Ng5 41.Bg2 Nf7 42.Kf3 Nd6 43.a4 Nf7 44.Ke2 Ng5
45.Rd3 Rd6 46.Rbd1 Kf7 47.Bd2 Ne6 48.Bc1 Ke7 49.Bh3 Ng5 50.Bf5 Ne6 51.f4 Bc3
52.Bxe6 Kxe6 53.Rd5 Bd4 54.Rh1 f5 55.Kf3 fxe4+ 56.Kxe4 Rxd5 57.f5+ Kd6 58.cxd5
Rc8 59.f6 gxf6 60.Bxh6 Rg8 61.Rh3 f5+ 62.Kxf5 Kxd5 63.g4 e4 64.g5 e3 65.g6 e2
66.Bd2 Rf8+ 67.Kg4 Rf1 68.h6 e1=Q 69.Bxe1 Rxe1 70.g7 Re8 71.Kf5 c4 72.bxc4+ Kxc4
73.Kg6 Re6+ 74.Kf7 Rf6+ 75.Ke7 Rg6 76.Rh4 Kc5 77.Rxd4 Kxd4 78.Kf7 Rxh6 79.g8=Q
Rc6 80.Qg4+ Kc5 81.Qf5+ Kd6 82.Qb5 Kc7 83.Ke7 Rc5 84.Qd7+ Kb8 85.Kd8 Rc1 86.Qd6+
Kb7 87.Qd5+ Kb8 88.Qe5+ Kb7 89.Qe4+ Ka7 90.Qh7+ Kb8 91.Qh6 Rc8+ 92.Kd7 Rc7+
93.Kd6 Kb7 94.Qh1+ Kb8 95.Qb1 Kb7 96.Qe4+ Kb8 97.Qe3 Kb7 98.Qe8 Rc5 99.Qd8 Rc1
100.Qe7+ Kb8 101.Qf8+ Kb7 102.Qg7+ Ka6 103.Qh7 Rc5 104.Qf7 Rc8 105.Kd5 Rc5+
106.Kd4 Rc8 107.Kd3 Rc5 108.Kd2 Rc8 109.Qh7 Rc5 110.Qd7 Rh5 111.Qc8+ Ka7
112.Qc7+ Ka8 113.Qd8+ Kb7 114.Qe7+ Kc6 115.Qd8

[Event "37Chess Olympiad 2006 general"]
[Site "Turin, Italia"]
[Date "2006.05.28"]
[Round "7"]
[Board "2"]
[White "Ramsingh, Yogendranath"]
[Black "Larrea, Manuel"]
[Result "0-1"]
[WhiteElo "2196"]
[BlackElo "2278"]
[PlyCount "76"]
[EventDate "2006.05.21"]
[EventType "team"]
[EventRounds "13"]
[EventCountry "AUT"]
[WhiteTeam "Trinidad & Tobago"]
[BlackTeam "Uruguay"]

1.e4 c5 2.Nc3 Nc6 3.f4 g6 4.Nf3 Bg7 5.Bc4 e6 6.d3 Nge7 7.f5 d5 8.Bb3 b5 9.exd5
exd5 10.f6 Bxf6 11.a3 c4 12.Ba2 Qb6 13.dxc4 bxc4 14.Nxd5 Nxd5 15.Qxd5 Be6 16.Qe4
O-O 17.Be3 Qxb2 18.O-O Qxa3 19.Rae1 Qxa2 20.Qxc6 Bc3 21.Nd4 Rae8 22.Re2 Bg4
23.Nf3 Re6 24.Qd5 Qa6 25.h3 Bf5 26.Ng5 Re5 27.Qd1 Rxe3 28.Rxe3 Qb6 29.Rff3 Bd4
30.Qe2 Bxe3+ 31.Qxe3 h6 32.g4 Bxc2 33.Qxb6 axb6 34.Rf2 hxg5 35.Rxc2 b5 36.Rb2
Rb8 37.Kf2 c3 38.Rb3 Rc8

[Event "37Chess Olympiad 2006 general"]
[Site "Turin, Italia"]
[Date "2006.05.29"]
[Round "8"]
[Board "4"]
[White "San Segundo Carrillo, Pablo"]
[Black "Horvath, Adam"]
[Result "1/2-1/2"]
[WhiteElo "2525"]
[BlackElo "2532"]
[PlyCount "0"]
[EventDate "2006.05.21"]
[EventType "team"]
[EventRounds "13"]
[EventCountry "AUT"]
[WhiteTeam "Spain"]
[BlackTeam "Hungary"]

1.d4 Nf6 2.c4 e6 3.Nf3 d5 4.Nc3 dxc4 5.e4 Bb4 6.Bg5 c5 7.e5 cxd4 8.Nxd4 Qa5
9.exf6 Bxc3+ 10.bxc3 Qxg5 11.fxg7 Qxg7 12.Qd2 O-O 13.Bxc4 Rd8 14.Qe3 Bd7 15.O-O
Nc6 16.Nf3 Ne7 17.Ne5 Ng6 18.f4 Nxe5 19.fxe5 Bc6 20.Rf2 Rd7 21.Raf1 Kh8 22.g3
Rg8 23.Bb3 Rgd8 24.Bc2